Návrh riešenia na zlepšenie procesov výberu, adaptácie a stabilizácie zamestnancov v podniku ZF Slovakia, a.s.

Enregistré dans:
Détails bibliographiques
Auteur principal: Horáková, Zuzana (Auteur)
Autres auteurs: Gyurák Babeľová, Zdenka (Directeur de thèse)
Format: Manuscrit Livre
Langue:slovaque
Publié: 2025
Sujets:
Accès en ligne:http://is.stuba.sk/zp/portal_zp.pl?podrobnosti=183823
Tags: Ajouter un tag
Pas de tags, Soyez le premier à ajouter un tag!

MARC

LEADER 00000ntm a22000003a 4500
001 stuzp103969
003 SK-STU
005 20250614212503.4
007 ta
008 150427s2015----xo-----f-mn---000-0-slo-d
040 |a STU  |b slo 
041 0 |a slo 
100 1 |a Horáková, Zuzana  |u 064000  |4 aut  |U MTF Materiálovotechnologická fakulta  |T MTF Ústav priemyselného inžinierstva a manažmentu  |X 127767  |U M4000  |Y 84  |7 127767 
242 0 1 |a Proposal for a solution to improve the processes of selection, adaptation and stabilization of employees in ZF Slovakia, a.s.  |y eng 
245 1 0 |a Návrh riešenia na zlepšenie procesov výberu, adaptácie a stabilizácie zamestnancov v podniku ZF Slovakia, a.s. 
260 |c 2025 
650 4 |a employee adaptation  |2 eng 
650 4 |a employee selection  |2 eng 
650 4 |a employee stabilization  |2 eng 
650 4 |a výber zamestnancov  |2 slo 
650 4 |a stabilizácia zamestnancov  |2 slo 
650 4 |a adaptácia zamestnancov  |2 slo 
700 1 |a Gyurák Babeľová, Zdenka  |u 064000  |k Z1  |4 ths  |U MTF Materiálovotechnologická fakulta  |T MTF Ústav priemyselného inžinierstva a manažmentu  |X 4411  |U M4000  |Y 84  |7 A000004411 
856 4 |u http://is.stuba.sk/zp/portal_zp.pl?podrobnosti=183823 
996 |c M* DP-15551  |l MMSKP  |s P  |a 0  |w stuzp103969_0001